LEADER 01737nam 2200361Ia 450 001 996386788603316 005 20221108051809.0 035 $a(CKB)4940000000082862 035 $a(EEBO)2248552519 035 $a(OCoLC)180867020 035 $a(EXLCZ)994940000000082862 100 $a20071107d1547 uy 0 101 0 $aeng 135 $aurbn||||a|bb| 200 10$aIniunccions geue[n] by the moste excellent prince, Edward the Sixte, by the grace of God, kyng of England, Frau[n]ce and Irelande: defendor of the faithe, and in yearthe vnder Christ, of the Churche of Englande and of Ireland, the supreme hedde$b[electronic resource] $eto all and singuler his louyng subiectes, aswell of the clergie, as of the laietie. 210 $a[London $cR. Grafton$d1547 31 July] 215 $a[26] p 300 $aImprint from STC (2nd ed.). 300 $aSignatures: a-c? dē (d? lacking?). 300 $aLeaf b?r has catchword "Testament." (with stop), line 5 ends "otherwise ordered and". 300 $aTitle within ornamental border (McK. & Ferg. 62); initials. 300 $aImperfect: colophon leaf lacking? 300 $aReproduction of original in: Bodleian Library. 330 $aeebo-0014 606 $aEcclesiastical law$zEngland$vEarly works to 1800 615 0$aEcclesiastical law 701 $aEdward$cKing of England,$f1537-1553.$01002269 801 0$bUMI 801 1$bUMI 906 $aBOOK 912 $a996386788603316 996 $aIniunccions geue by the moste excellent prince, Edward the Sixte, by the grace of God, kyng of England, Fraunce and Irelande: defendor of the faithe, and in yearthe vnder Christ, of the Churche of Englande and of Ireland, the supreme hedde$92335724 997 $aUNISA